RICS strategic facilities management (Record no. 115935)

MARC details
000 -LEADER
fixed length control field 01998cam a2200253 4500
001 - CONTROL NUMBER
control field L159475
008 - FIXED-LENGTH DATA ELEMENTS--GENERAL INFORMATION
fixed length control field 040913n2016 000 0 eng u
035 ## - SYSTEM CONTROL NUMBER
System control number (Sirsi) u159475
041 ## - LANGUAGE CODE
Language code of text/sound track or separate title eng
110 2# - MAIN ENTRY--CORPORATE NAME
Corporate name or jurisdiction name as entry element International Workplace
9 (RLIN) 6143
245 00 - TITLE STATEMENT
Title RICS strategic facilities management
Remainder of title case studies: July 2016
260 ## - PUBLICATION, DISTRIBUTION, ETC.
Place of publication, distribution, etc. London
Name of publisher, distributor, etc. RICS
Date of publication, distribution, etc. 2016
490 #0 - SERIES STATEMENT
Series statement RICS Research
505 2# - FORMATTED CONTENTS NOTE
Formatted contents note Foreword -- FM brand delivery: How an FM provider has helped a national museum to maintain environmental and comfort controls for world class collections -- FM brand delivery: The strategic role of FM in enabling a top international school in Thailand to keep its students safe and secure -- FM brand delivery: Utilising FM and asset management to enable an English Borough Council to self-fund services -- FM brand delivery: Using a 'One Team' approach for FM excellence -- FM brand delivery: How a public?private partnership helped to deliver Olympic standard services to an international sporting event -- FM brand delivery: Delivering integrated preventive guest room maintenance for thousands of hotel rooms in Singapore.
520 ## - SUMMARY, ETC.
Summary, etc. The fourth in this series of RICS case studies demonstrates that more and more organisations are recognising the importance of the built environment to their core business. This is often highlighted by the Facilities Management (FM) challenges these organisations face. The diversity of these challenges is demonstrated by the sample of case studies included here ? ranging from the need to maintain delivery of the FM service with reduced funding, to improving customer experiences to ensure competitiveness, and to improving health and safety in international schools.
650 24 - SUBJECT ADDED ENTRY--TOPICAL TERM
Topical term or geographic name entry element Strategic Facilities Management
651 #4 - SUBJECT ADDED ENTRY--GEOGRAPHIC NAME
Geographic name ENGLAND AND WALES
690 ## - LOCAL SUBJECT ADDED ENTRY--TOPICAL TERM (OCLC, RLIN)
Topical term or geographic name as entry element Facilities management
9 (RLIN) 6240
700 1# - ADDED ENTRY--PERSONAL NAME
Personal name Davies, Alex
700 1# - ADDED ENTRY--PERSONAL NAME
Personal name Sharp, David
700 1# - ADDED ENTRY--PERSONAL NAME
Personal name Bean, Sara
710 1# - ADDED ENTRY--CORPORATE NAME
Corporate name or jurisdiction name as entry element Royal Institution of Chartered Surveyors
9 (RLIN) 4900
942 ## - ADDED ENTRY ELEMENTS (KOHA)
Suppress in OPAC 0
Source of classification or shelving scheme Dewey Decimal Classification
Holdings
Withdrawn status Lost status Source of classification or shelving scheme Damaged status Not for loan Home library Current library Shelving location Date acquired Total Checkouts Full call number Barcode Date last seen Copy number Price effective from Koha item type
    Dewey Decimal Classification     London London RICS Boxes 28/07/2017   RICS 2016/14 30078442 06/08/2019 1 06/08/2019 Archive
    Dewey Decimal Classification     London London RICS Boxes 28/07/2017   RICS 2016/14 30078441 06/08/2019 2 06/08/2019 Reference material